| 000 | | | 05110cac2a2200277#x 450 |
| 001 | | | accbfa34-1a9a-4fdf-b52a-4cc7ec7f03b5 |
| 005 | | | 20191029165452.0 |
| 100 | ## | $a | 20171115l19221922k y0rusy50 ca |
| 101 | 0# | $a | rus |
| 102 | ## | $a | RU |
| 105 | ## | $a | y z ||||| |
| 122 | 2# | $a | d19220410 |
| | $a | d19221111 |
| 200 | 1# | $a | Протоколы заседаний пленума, президиума и общеплановой комиссии Омского губернского Экономического совещания и объединенных заседаний президиумов Омского губернского Исполнительного комитета и губернского Экономического совещания за период 10 апреля - 11 ноября 1922 г. |
| | $j | 10 апреля 1922 - 11 ноября 1922 |
| 215 | ## | $a | 80 листов |
| 251 | ## | $c | Дело |
| 300 | ## | $a | Машинописный текст |
| 324 | ## | $a | Копии |
| 330 | ## | $a | Входит в раздел описи: 1923 г.. г/ Протоколы ЭКОСО РСФСР |
| 461 | #0 | $1 | 001ad6baeac-e292-4829-90d1-2f4f65796a62 |
| | $1 | 2001 |
| | $a | СОВЕТ НАРОДНЫХ КОМИССАРОВ РСФСР (СНК РСФСР) |
| | $1 | 251 |
| | $c | Фонд |
| | $1 | 852 |
| | $g | Р |
| | $j | 130 |
| 462 | #0 | $1 | 001edfd37f9-d4a8-40e3-8015-e88afb5d9294 |
| | $1 | 2001 |
| | $a | 1922 г. |
| | $v | Д. 206 |
| | $1 | 251 |
| | $c | Опись |
| | $1 | 852 |
| | $j | 6 |
| 801 | #0 | $a | RU |
| | $b | GA_RF |
| 801 | #1 | $a | RU |
| | $b | АО "НПО Опыт" |
| | $c | 20171115 |
| | $2 | rusmarc |
| 801 | #2 | $a | RU |
| | $b | ПБ им. Б.Н. Ельцина |
| | $c | 20171208 |
| | $g | RCR |
| | $2 | rusmarc |
| 852 | ## | $a | ГА РФ |
| | $j | 206 |
| 937 | ## | $d | 111326356 |
| | $h | ПБ |
| 035 | ## | $a | RuPRLIB51053345 |
| 856 | ## | $u | http://readingroom.main.prlib.ru/item.aspx?id_node=n111326356&mode=full |
| 607 | ## | $2 | prlib_sh |
| | $3 | LIBNET\UAF\0000081422 |
| | $a | Омская губерния |
| | $x | Социально-экономическое развитие |
| | $z | 1920-1925 |
| | $j | Съезды, совещания и т.п. |
| 686 | ## | $2 | rubbk |
| | $a | 63.3(2Рос-4Омс)61 |
| | $v | LBC/M |
| 605 | ## | $2 | acquisition_Prlib |
| | $3 | LIBNET\UAF\0000059966 |
| | $a | Омская область: страницы истории |
| | $l | коллекция |
| 605 | ## | $2 | acquisition_Prlib |
| | $3 | LIBNET\UAF\0000059967 |
| | $a | Территория России: Омская область |
| | $l | коллекция |
| 605 | ## | $2 | acquisition_Prlib |
| | $3 | DITM\AF\0000002775 |
| | $a | Власть |
| | $l | коллекция |
| 617 | ## | $2 | prlib_sh |
| | $c | Омская губерния |
| 617 | ## | $c | Омская область |
| | $2 | prlib_sh |